| 000 | 00896cam a22003013a 4500 | ||
|---|---|---|---|
| 001 | 32338 | ||
| 003 | PGUSA | ||
| 005 | 20140828083712.0 | ||
| 008 | 100512s2010||||xxu|||||s|||||000 1 eng d | ||
| 040 |
_aPGUSA _beng |
||
| 042 | _adc | ||
| 050 | 4 | _aPQ | |
| 100 | 1 |
_aHugo, Victor, _d1802-1885 |
|
| 245 | 1 | 0 |
_aToilers of the Sea _h[electronic resource] / _cVictor Hugo |
| 260 |
_bProject Gutenberg, _c2010 |
||
| 506 | _aPublic domain in the USA. | ||
| 516 | _aElectronic text | ||
| 653 | _aFrench fiction -- 19th century | ||
| 653 | _aChannel Islands -- Fiction | ||
| 653 | _aGuernsey (Channel Islands) -- Fiction | ||
| 653 | _aSailors -- Fiction | ||
| 653 | _aFishers -- Fiction | ||
| 700 | 1 |
_aRhys, Ernest, _d1859-1946 |
|
| 700 | 1 |
_aThomas, W. Moy _q(William Moy), _d1828-1910 |
|
| 830 | 0 |
_aProject Gutenberg _v32338 |
|
| 856 | 4 | 0 | _uhttp://www.gutenberg.org/ebooks/32338 |
| 942 | _cEB | ||
| 999 |
_c261593 _d261593 |
||